000 00267nam a2200109Ia 4500
008 200302s9999 xx 000 0 und d
100 _aReyner Banham
245 _aThe Visions of Ron Herron
260 _bAcademy Editions Group Ltd.
260 _c1994
300 _a128 P.,
999 _c1163
_d1163